|
|
|
|
| LEADER |
01341nam a2200361 a 4500 |
| 001 |
EBC991908 |
| 003 |
MiAaPQ |
| 005 |
20200520144314.0 |
| 006 |
m o d | |
| 007 |
cr cn||||||||| |
| 008 |
120813s2012 sz a sb 000 0 spa d |
| 020 |
|
|
|z 9789223263119
|
| 020 |
|
|
|a 9789223263126 (electronic bk.)
|
| 035 |
|
|
|a (MiAaPQ)EBC991908
|
| 035 |
|
|
|a (Au-PeEL)EBL991908
|
| 035 |
|
|
|a (CaPaEBR)ebr10583479
|
| 035 |
|
|
|a (OCoLC)815784214
|
| 040 |
|
|
|a MiAaPQ
|c MiAaPQ
|d MiAaPQ
|
| 050 |
|
4 |
|a HD4917
|b .J87 2012
|
| 245 |
0 |
0 |
|a Justicia social y crecimiento
|h [electronic resource] :
|b el papel del salario minino.
|
| 250 |
|
|
|a 1. ed.
|
| 260 |
|
|
|a Ginebra :
|b Oficina Internacional del Trabajo,
|c 2012.
|
| 300 |
|
|
|a 146 p. :
|b col. ill.
|
| 490 |
0 |
|
|a Boletin internacional de investigacion sindical,
|x 2076-9865 ;
|v v. 4, no. 1
|
| 504 |
|
|
|a Includes bibliographical references.
|
| 533 |
|
|
|a Electronic reproduction. Ann Arbor, MI : ProQuest, 2015. Available via World Wide Web. Access may be limited to ProQuest affiliated libraries.
|
| 650 |
|
0 |
|a Minimum wage.
|
| 650 |
|
0 |
|a Labor.
|
| 650 |
|
0 |
|a Social justice
|x Economic aspects.
|
| 650 |
|
0 |
|a Economic development.
|
| 655 |
|
4 |
|a Electronic books.
|
| 710 |
2 |
|
|a ProQuest (Firm)
|
| 856 |
4 |
0 |
|u https://ebookcentral.proquest.com/lib/matrademy/detail.action?docID=991908
|z Click to View
|